00814nam a22001817a 4500003000200000005001700002008004100019050002500060100002400085245014100109260007100250300006200321500004700383504005600430650006500486650004000551650004100591020250205141216.0250205b xxu||||| |||| 00| 0 eng d aHF 5549.5b.M65 2024 aMolde, Dean Mark M. aDevelopment and implementation of an hr requisition system for an international school's human resource department. cDean Mark M. Molde aLas Pinas CitybSouthville International School and Collegesc2024 axv, 210 pages:bcolored pictures and illustration;c28cm. aBachelor of Science in Information System. aIncludes bibliographical references and appendices. aHuman Resource Requisition System – International Schools. aHR Software Implementation--School. aEmployee Management Systems--School.